| 000 | 00000nam##2200000za#4500 |
| 001 | 9.590566 |
| 003 | CaOODSP |
| 005 | 20210624200204 |
| 007 | cr ||||||||||| |
| 008 | 150406|1996||||xxc|||||o f|0| 0 fre|d |
| 040 | |aCaOODSP|bfre |
| 041 | |aeng |
| 041 | |afre |
| 043 | |an-cn--- |
| 086 | 1 |aS52-2/230-1996-PDF |
| 110 | 1 |aCanada.|bTravaux publics et Services gouvernementaux Canada.|bBureau de la traduction. |
| 245 | 10|aVocabulaire du financement et de l'assurance à l'exportation / |h[ressource électronique]|c[par] Janeen Johnston-Des-Rochers en collaboration avec Inés Barry, Maguy Robert. |
| 260 | |aOttawa - Ontario : |bTravaux publics et Services gouvernementaux Canada. |cc1996. |
| 300 | |a606p. |
| 490 | 1 |aBulletin de terminologie|vN° 230 |
| 500 | |aÉdition numérisée de l'imprimé. [Produit par les Éditions et Services de dépôt, 2014.] Publié par Direction de la terminologie et de la normalisation. Bureau des traductions. Comprend du texte en espagnol. |
| 590 | |a14-22-Supp|b2014-12-24 |
| 720 | 1 |aJohnston-Des-Rochers, Janeen |
| 720 | 1 |aMaguy, Robert |
| 776 | 0#|tExport financing and insurance vocabulary / |w(CaOODSP)9.527248 |
| 791 | |tExport financing and insurance vocabulary / |eeng|w(CaOODSP)9.590565 |
| 830 | #0|aBulletin de terminologie ;|vN° 230|w(CaOODSP)9.500140 |
| 856 | 40|ahttp://publications.gc.ca|qPDF|s5332 Ko|uhttps://publications.gc.ca/collections/collection_2014/tpsgc-pwgsc/S52-2-230-1996.pdf|yN° 230 |